Бюджетный кодекс Российской Федерации (Запись № 927792)

Подробности
000 -МАРКЕР
контрольное поле 02008nam1a2200301 i 4500
001 - ИДЕНТИФИКАТОР ЗАПИСИ
контрольное поле RU\NLR\bibl\1359974
005 - ИДЕНТИФИКАТОР ВЕРСИИ
контрольное поле 20240726045455.0
035 ## - ДРУГИЕ СИСТЕМНЫЕ НОМЕРА
Идентификатор записи (NLR Aleph) 001352153
100 ## - ДАННЫЕ ОБЩЕЙ ОБРАБОТКИ
Данные общей обработки 20090421g20089999u y0rusy50 ca
101 0# - ЯЗЫК РЕСУРСА
Язык текста, звукозаписи и т.д. русский
102 ## - СТРАНА ПУБЛИКАЦИИ ИЛИ ПРОИЗВОДСТВА
Страна публикации Российская Федерация
105 ## - ПОЛЕ КОДИРОВАННЫХ ДАННЫХ: ТЕКСТОВЫЕ МАТЕРИАЛЫ, МОНОГРАФИЧЕСКИЕ
Кодированные данные о монографическом текстовом документе ||||z |||||
200 1# - ЗАГЛАВИЕ И СВЕДЕНИЯ ОБ ОТВЕТСТВЕННОСТИ
Основное заглавие Бюджетный кодекс Российской Федерации
Сведения, относящиеся к заглавию (по состоянию на 15 февраля 2008 г.)
-- постатейный научно-практический комментарий коллектива ученых центра исследования финансовых проблем Финансовой академии при Правительстве РФ
Первые сведения об ответственности под общ. ред. д.э.н., проф., засл. деят. науки РФ В.М. Родионовой
Последующие сведения об ответственности [предисл.: В.М. Родионова]
210 ## - ПУБЛИКАЦИЯ, РАСПРОСТРАНЕНИЕ И ДР.
Место издания, распространения и т.д. Москва
Имя издателя, распространителя и т. д. ФГУ "Редакция "Российской газеты"
-- Агентство "Библиотечка "Российской газеты"
Дата издания, распространения и т.д. 2008
215 ## - ФИЗИЧЕСКАЯ ХАРАКТЕРИСТИКА
Размеры 22
225 1# - СЕРИЯ
Основное заглавие серии Кодексы Российской Федерации
Сведения об ответственности сост. и общ. ред. к. ист. н. А.Т. Гаврилова
300 ## - ОБЩИЕ ПРИМЕЧАНИЯ
Текст примечания На обороте тит. л. загл. сер.: Серия "Кодексы Российской Федерации - приложение к "Российской газете"
463 #0 - УРОВЕНЬ ФИЗИЧЕСКОЙ ЕДИНИЦЫ
Встроенное поле 0011247271
604 ## - ИМЯ И ЗАГЛАВИЕ КАК ПРЕДМЕТ
Связываемые данные 71001$aРоссийская Федерация
-- 50011$3RU\NLR\auth\551262431$aБюджетный кодекс$jКомментарии$2nlr_sh2
604 ## - ИМЯ И ЗАГЛАВИЕ КАК ПРЕДМЕТ
Связываемые данные 71001$aРоссийская Федерация. Законы
-- 50011$aБюджетный кодекс Российской Федерации$2psbo
686 ## - ИНДЕКСЫ ДРУГИХ КЛАССИФИКАЦИЙ
Индекс Х622.1-324.9(2Р)
702 #1 - ИМЯ ЛИЦА - ВТОРИЧНАЯ ОТВЕТСТВЕННОСТЬ
Начальный элемент ввода Родионова
Часть имени, кроме начального элемента ввода В. М.
Расширение инициалов личного имени Вера Михайловна
Код отношения Редактор
801 #0 - ИСТОЧНИК ЗАПИСИ
Страна Российская Федерация
Организация NLR
Дата составления 20090421
Правила каталогизации RCR
801 #1 - ИСТОЧНИК ЗАПИСИ
Страна Российская Федерация
Организация NLR
Дата составления 20090421
852 ## - МЕСТОНАХОЖДЕНИЕ И ШИФР ХРАНЕНИЯ
Идентификатор организации NLR
Шифр хранения (Call Number) 2008-5/2740
942 ## - ДОПОЛНИТЕЛЬНЫЕ ЭЛЕМЕНТЫ ЗАПИСИ (АБИС)
Тип экземпляра АБИС Книга

Нет доступных экземпляров.